Pražské zvony

Další autoři: Manoušek, Petr Rudolf, 1957-, Gounod, Charles, 1818-1893, Michna, Antonín, 1920-, Uccellini, Marco, asi 1603-1680, Händel, Georg Friedrich, 1685-1759
Jazyk: Čeština
Vydáno: Praha : PGC, p1993
Edice: Prague gold collection
Témata:
Fyzický popis: 1 CD : ADD, stereo ; 12 cm + 1 složený list.
Zvukové nahrávky
Uloženo v:
LEADER 01560njm a2200433 a 4500
001 000151520
003 CZ BrMZK
005 20050907142504.0
008 010907s1993 xr f cze d
028 0 1 |a 2001  |b PGC 
040 |a BOA001  |b cze 
080 |a 78.04:673.5(086.7)  |2 MRF 
245 0 0 |a Pražské zvony  |h [zvukový záznam] /  |c G.F. Händel, Ch. Gounod, M. Uccellini ... [et al.]. 
246 3 3 |a Prager Glocken 
246 3 3 |a Prague Bells 
246 3 3 |a Andělské přátelství 
246 3 |a Ave Maria 
246 3 |a Preludium c-moll 
246 3 |a Sinfonia 
246 3 3 |a Cloches de Prague 
260 |a Praha :  |b PGC,  |c p1993 
300 |a 1 CD :  |b ADD, stereo ;  |c 12 cm +  |e 1 složený list. 
306 |a 011329 
490 1 |a Prague gold collection 
500 |a Nahr. 1993 
500 |a Durata 73:29 
500 |a Obsahuje 23 skladeb. - Náz. vícejaz. 
505 2 |a Preludium c-moll, Sinfonia, Andělské přátelství ... [et al.] 
653 0 |a pražské zvony  |a zvonění zvonů 
700 1 |a Manoušek, Petr Rudolf,  |d 1957-  |7 jo20010092634  |4 wam 
700 1 |a Gounod, Charles,  |d 1818-1893  |7 jn19990002796  |4 cmp 
700 1 |a Michna, Antonín,  |d 1920-  |7 ola200209305  |4 cmp 
700 1 |a Uccellini, Marco,  |d asi 1603-1680  |7 xx0022905  |4 cmp 
700 1 |a Händel, Georg Friedrich,  |d 1685-1759  |7 jn19990003280 
830 0 |a Prague gold collection 
910 |a BOA001  |b CD-0003.878 
964 |a Zvony pražské  |x zvonění  |x CD 
990 |a AV 
996 6 |b 261H003914  |c CD-0003.878  |l MZK  |r Sklad / do 24 hodin  |n 0  |p p.v.  |w 000151520  |u 000010  |a 1  |e BOA001  |j MZK50  |s P